| 000 | 00978nam a22003137a 4500 | ||
|---|---|---|---|
| 003 | CHAP | ||
| 005 | 20220817040940.0 | ||
| 008 | 971013s1990 r 00010 d | ||
| 010 | _a3278 | ||
| 011 | _a4250 | ||
| 035 | _a3452 | ||
| 040 | _cCHAP | ||
| 090 | _aFolleto 12910 | ||
| 100 | 0 | 0 |
_aLozoya Saldaña, Héctor. _968826 |
| 245 | _aValidación del efecto paclobutrazol en ornamentales de maceta | ||
| 260 |
_aChapingo, Méx. : _bUACH. Departamento de Fitotecnia, _c1990 |
||
| 300 | _a40 h. | ||
| 500 | _aFotocopia | ||
| 590 |
_aBATCH-UPD _b10 _c20130110 _lUCH01 _h1639 |
||
| 590 |
_aBATCH-UPD _b10 _c20130410 _lUCH01 _h1030 |
||
| 590 |
_aBATCH-UPD _b10 _c20130914 _lUCH01 _h1735 |
||
| 590 |
_aCONVERSION _b10 _c20130109 _lUCH01 _h1303 |
||
| 650 | 1 | 4 | _aPlantas ornamentales. |
| 650 | 1 | 4 |
_aPlantas _xCrecimiento _xAditivos. _988804 |
| 710 | _aUACH. Departamento de Fitotecnia | ||
| 901 | _aBK | ||
| 942 | _cFOLL | ||
| 949 |
_aFolleto 12910 _bBC _cUACH _d-12971 _eUACH _i3452 _mD _si |
||
| 999 |
_c3278 _d3278 |
||